|
|
|
|
| LEADER |
01210nam a2200277 a 4500 |
| 001 |
GR-Patra33858 |
| 008 |
100423s2009 gr g 000 0 gre d |
| 020 |
|
|
|a 9789604555710
|
| 084 |
|
|
|a Δ ΒΕΑ
|
| 100 |
1 |
|
|a Beauvoir, Simone de,
|d 1908-1986
|
| 245 |
1 |
0 |
|a Ενας πολύ γλυκός θάνατος /
|c Σιμόν ντε Μποβουάρ, ; μετάφραση Γιώργος Ξενάριος.
|
| 260 |
|
|
|a Αθήνα :
|b Μεταίχμιο,
|c 2009
|
| 300 |
|
|
|a 143 σ. , ;
|c 21 εκ.
|
| 490 |
0 |
|
|a Αριστουργήματα του 20ου αιώνα
|
| 500 |
|
|
|a Τίτλος πρωτοτύπου: Une mort tres douce
|
| 600 |
|
|
|a BEAUVOIR, FRANCOISE DE
|v Biography
|
| 600 |
|
|
|a BEAUVOIR, SIMONE DE,
|d 1908-1986
|x FAMILY
|
| 650 |
|
4 |
|a ΓΑΛΛΙΚΗ ΛΟΓΟΤΕΧΝΙΑ
|
| 650 |
|
4 |
|a ΔΙΗΓΗΜΑ
|
| 650 |
|
4 |
|a ΜΗΤΕΡΕΣ
|x ΘΑΝΑΤΟΣ
|
| 700 |
1 |
|
|a Ξενάριος, Γιώργος,
|d 1959-
|
| 710 |
0 |
|
|a Μεταίχμιο
|
| 942 |
|
|
|2 ddc
|
| 952 |
|
|
|0 0
|1 0
|2 ddc
|4 0
|6 Δ_ΒΕΑ
|7 0
|9 316104
|a LISK
|b LISK
|c BSC
|d 2021-01-17
|e 24
|f 1
|g 0.00
|l 0
|o Δ ΒΕΑ
|p 92410051502
|r 2021-01-17 00:00:00
|t 1
|w 2021-01-17
|y BK15
|x 20130709 0 1
|x GrPaTEI
|
| 971 |
|
|
|a .b26814304
|b 16-04-20
|c 27-09-16
|
| 999 |
|
|
|c 180026
|d 180026
|